| 000 | 01802nam0a2200373 4500 | ||
|---|---|---|---|
| 001 | RU\NLR\BIBL_A\012573209 | ||
| 005 | 20240806111822.0 | ||
| 010 |
_a978-5-7164-1066-4 _91500 |
||
| 021 |
_aRU _bКН-П-21-020496 _9КН-П-21-1590 |
||
| 035 | _a(NLR Aleph) 012573209 | ||
| 090 |
_a12497964 _c12497964 |
||
| 100 | _a20210802d2021 u y0rusy50 ca | ||
| 101 | 0 | _arus | |
| 102 | _aRU | ||
| 105 | _aa|||z|||000zy | ||
| 181 | 0 |
_ai _baxxe |
|
| 182 | 0 | _an | |
| 200 | 1 |
_aСубсидиарная и иная ответственность контролирующих должника лиц при банкротстве _fР.К. Лотфуллин |
|
| 203 |
_aТекст _bвизуальный _cнепосредственный |
||
| 210 |
_aМосква _cSaveliev, Batanov & Partners _d2021 |
||
| 215 |
_a566, [1] с. _cцв. ил. _d24 |
||
| 300 | _aНа обороте тит. с. авт.: Р.К. Лотфуллин - канд. юрид. наук | ||
| 320 | _aБиблиогр. в подстроч. примеч. | ||
| 606 | 1 |
_aБанкротство _xСудебная практика _yРоссийская Федерация _2nlr_sh2 _3RU\NLR\AUTH\661452320 |
|
| 606 | 1 |
_aКонтролирующее должника лицо _xЮридическая ответственность _yРоссийская Федерация _2nlr_sh2 _3RU\NLR\AUTH\6601677247 |
|
| 606 | 1 |
_aСубсидиарная ответственность _yРоссийская Федерация _2nlr_sh1 _2nlr_sh2 _3RU\NLR\AUTH\661314561 |
|
| 686 | 1 | _aХ629.218.94 | |
| 686 | 1 | _aХ623.012.01 | |
| 686 | 1 | _aХ623.207 | |
| 700 | 1 |
_aЛотфуллин _bР. К. _gРадик Кашифович |
|
| 942 | _cBOOK | ||
| 980 | _aNB | ||